Statistics for Every Soviet Leader

Click here to take the quiz!

General Stats

  • This quiz has been taken 22 times
  • The average score is 6 of 8

Answer Stats

Time PeriodLeader% Correct
30 December 1922 - 21 January 1924Vladimir Lenin
100%
21 January 1924 - 5 March 1953Josef Stalin
100%
14 September 1953 - 14 October 1964Nikita Khrushchev
95%
14 October 1964 - 10 November 1982Leonid Brezhnev
95%
10 March 1985 - 25 December 1991Mikhail Gorbachev
90%
10 November 1982 - 9 February 1984Yuri Andropov
75%
9 February 1984 - 10 March 1985Konstantin Chernenko
50%
5 March 1953 - 14 September 1953Georgy Malenkov
15%

Score Distribution

Percentile by Number Answered

Percent of People with Each Score

Your Score History

You have not taken this quiz